01535agaaa2200313 45000010005000000030009000050050017000140070009000310080040000400400023000800410013001031000043001161300017001592400024001762450125002002460017003252500022003422600129003643000034004935080108005275110091006355200244007265380016009705460013009866500056009997000052010557000059011077000055011668308IT-RoPAU20220918181228.0d cvaizq50131s9999||||xx ||| | || ||und|| aIT-RoPAUcIT-RoPAU aITALIANO aWenders WimgCodice regista SPICS: 499 aPARIS, TEXAS aPARIS, TEXASgT2197 aPARIS, TEXAScSceneggiatura: Shepard Sam -- Diretto da: Wenders WimpPARIS, TEXAS (Rif. Codice opera principale : 48308) aPARIS, TEXAS aEdizione Standard aBERLINO - FRANCIA (GERMANIA)bROAD MOVIES - ARGOS FILM / Distribuzione: RAIg"1984 (1° ed.: 1987 ; Ed. Lingua Orig.: 1984)" aVHSbsonoro, col.c160 minuti a"Fotografia: Muller Robby; Montaggio: Przygodda Peter; Musica: Cooder Ry; Sceneggiatura: Shepard Sam; " a"Kinski Nastassja; Dean; Stanton Harry; Stockwell Dean; Clement Aurore; Carson Hunter" aTRAVIS RICOMPARE DOPO QUATTRO ANNI DI VOLONTARIO ISOLAMENTO E CERCA DI RICOSTRUIRE I RAPPORTI CON IL FIGLIOLETTO CHE QUASI NON CONOSCE E CON LA MOGLIE DELLA QUALE HA COMPLETAMENTE PERSO LE TRACCE FILM A COLORI REGISTRATO A DOPPIA VELOCITA' aPAL, STEREO aITALIANO aDRAMMATICOeFILMS [VHS]xCodice MATERIA SPICS: 9960 aCooder Rye(musica)gCodice Musica SPICS: 11321 aShepard Sam e(soggetto)gCodice Soggetto SPICS: 22867 aWenders Wim e(regista)gCodice regista SPICS: 499